00314nam a2200121Ia 4500008004100000020002200041041000800063082002600071100001800097245004100115260002800156300000800184230519s9999 xx 000 0 und d a978-93-86006-76-9 aeng aF/610.7302/CLE/DB0854 aClement Nisha aPrinciples and Practice of Nursing-I bEMMESSaBangalorec2018 a530